[Event "Tradewise Gibraltar Masters 14th"]
[Site "Gibraltar"]
[Date "2016.01.26"]
[Round "1.26"]
[White "Piasetski, Leon"]
[Black "Grandelius, Nils"]
[Result "1/2-1/2"]
[WhiteElo "2277"]
[BlackElo "2635"]
[PlyCount "108"]
[EventDate "2016.01.26"]
[EventType "swiss"]
[EventRounds "10"]
[EventCountry "GGB"]
[Source "www.saund.co.uk"]
[SourceDate "2005.02.07"]

1. Nf3 d5 2. d4 Nf6 3. c4 e6 4. Nc3 c6 5. Qb3 dxc4 6. Qxc4 b5 7. Qb3 a6 8. Bg5
Nbd7 9. e3 c5 10. Be2 Bb7 11. O-O Be7 12. a4 b4 13. Nb1 Bd5 14. Qc2 cxd4 15.
exd4 O-O 16. Rc1 h6 17. Bf4 Be4 18. Qd1 Nd5 19. Be3 Nxe3 20. fxe3 e5 21. Nbd2
Bb7 22. Nc4 e4 23. Nfe5 Nxe5 24. Nxe5 Bd6 25. Qb3 Bxe5 26. dxe5 Qe7 27. Bc4
Rad8 28. Rd1 a5 29. Rxd8 Rxd8 30. Rd1 Rf8 31. h3 Qxe5 32. Rd7 Bc6 33. Rxf7 Rxf7
34. Bxf7+ Kf8 35. Bg8 Be8 36. Bc4 Qc5 37. Be6 h5 38. h4 Qc1+ 39. Kh2 Qc7+ 40.
g3 Qc5 41. Bh3 Bf7 42. Be6 Be8 43. Bh3 Qd6 44. Qc2 Bc6 45. Bf1 Ke7 46. Bb5 Bd5
47. Qc8 Kf6 48. Qe8 Bf7 49. Qxe4 Qd2+ 50. Kg1 Qe1+ 51. Kg2 Qd2+ 52. Kg1 Qd1+
53. Kg2 Qd2+ 54. Kg1 Qd1+ 1/2-1/2

[Event "Tradewise Gibraltar Masters 14th"]
[Site "Gibraltar"]
[Date "2016.01.26"]
[Round "1.27"]
[White "Salem, AR Saleh"]
[Black "Watson, John L"]
[Result "1-0"]
[WhiteElo "2627"]
[BlackElo "2277"]
[PlyCount "53"]
[EventDate "2016.01.26"]
[EventType "swiss"]
[EventRounds "10"]
[EventCountry "GGB"]
[Source "www.saund.co.uk"]
[SourceDate "2005.02.07"]

1. d4 Nf6 2. c4 g6 3. Nc3 Bg7 4. e4 d6 5. f3 O-O 6. Be3 c5 7. Nge2 Nc6 8. d5
Na5 9. Ng3 e6 10. Be2 a6 11. Rc1 exd5 12. cxd5 b5 13. b3 Nd7 14. O-O Nb6 15.
Qd2 b4 16. Nd1 Bd7 17. Bg5 Qe8 18. Nf2 f6 19. Be3 Nb7 20. f4 f5 21. exf5 Bc3
22. Rxc3 bxc3 23. Qxc3 Bxf5 24. Bc1 Nd7 25. Ng4 Bxg4 26. Bxg4 h5 27. Bb2 1-0

[Event "Tradewise Gibraltar Masters 14th"]
[Site "Gibraltar"]
[Date "2016.01.26"]
[Round "1.28"]
[White "Perez Garcia, Alejandro"]
[Black "Jones, Gawain C B"]
[Result "0-1"]
[WhiteElo "2273"]
[BlackElo "2625"]
[PlyCount "134"]
[EventDate "2016.01.26"]
[EventType "swiss"]
[EventRounds "10"]
[EventCountry "GGB"]
[Source "www.saund.co.uk"]
[SourceDate "2005.02.07"]

1. d4 g6 2. e4 d6 3. Nc3 Nf6 4. f4 Bg7 5. Nf3 O-O 6. Be2 c5 7. dxc5 Qa5 8. cxd6
Nxe4 9. dxe7 Re8 10. Bd2 Nxc3 11. Bxc3 Bxc3+ 12. bxc3 Qxc3+ 13. Kf2 Nc6 14. Re1
Rxe7 15. Bd3 Qc5+ 16. Kf1 Bg4 17. Rxe7 Nxe7 18. Qd2 Bxf3 19. gxf3 Rd8 20. Re1
Nc6 21. Qe3 Qxe3 22. Rxe3 Kf8 23. Ke2 Nb4 24. Be4 b6 25. f5 Kg7 26. fxg6 hxg6
27. a3 Nd5 28. Bxd5 Rxd5 29. Re4 Ra5 30. a4 Kf6 31. Ke3 Rc5 32. Kd3 Rd5+ 33.
Ke3 Rd1 34. Rf4+ Kg7 35. Rc4 Rd5 36. Rf4 Rh5 37. h4 Re5+ 38. Kd3 Re1 39. Rc4
Ra1 40. Ke4 Kh6 41. Ke5 Rf1 42. f4 Kh5 43. Rc7 f6+ 44. Ke4 Kxh4 45. Rg7 Kh5 46.
Ke3 a5 47. Rf7 f5 48. Rb7 Rb1 49. c4 Rb3+ 50. Kd4 Rb4 51. Rh7+ Kg4 52. Rg7 Kxf4
53. Rxg6 Kf3 54. Rg5 f4 55. Rb5 Ke2 56. Rxb4 axb4 57. a5 bxa5 58. c5 f3 59. c6
f2 60. c7 f1=Q 61. c8=Q Qf4+ 62. Kd5 Qf3+ 63. Kd6 b3 64. Qe8+ Kd2 65. Qa4 b2
66. Qxa5+ Qc3 67. Qg5+ Kc2 0-1

[Event "Tradewise Gibraltar Masters 14th"]
[Site "Gibraltar"]
[Date "2016.01.26"]
[Round "1.29"]
[White "Iturrizaga Bonelli, Eduardo"]
[Black "Vea, Odin Blikra"]
[Result "1-0"]
[WhiteElo "2624"]
[BlackElo "2271"]
[PlyCount "51"]
[EventDate "2016.01.26"]
[EventType "swiss"]
[EventRounds "10"]
[EventCountry "GGB"]
[Source "www.saund.co.uk"]
[SourceDate "2005.02.07"]

1. Nf3 Nf6 2. c4 g6 3. Nc3 Bg7 4. g3 O-O 5. Bg2 d6 6. d4 Nc6 7. O-O a6 8. Bf4
Bd7 9. e4 b5 10. Qd3 Nh5 11. Be3 Nb4 12. Qd1 bxc4 13. Nd2 c5 14. dxc5 Nd3 15.
Nxc4 Nxb2 16. Nxb2 Bxc3 17. Qc2 Bg7 18. Rac1 dxc5 19. Rfd1 Qc7 20. Nd3 Rac8 21.
Nxc5 Bc6 22. Bh3 e6 23. Nxe6 fxe6 24. Bxe6+ Kh8 25. Bxc8 Rxc8 26. Qxc6 1-0

[Event "Tradewise Gibraltar Masters 14th"]
[Site "Gibraltar"]
[Date "2016.01.26"]
[Round "1.30"]
[White "Henderson De La Fuente, Lance"]
[Black "Edouard, Romain"]
[Result "0-1"]
[WhiteElo "2270"]
[BlackElo "2617"]
[PlyCount "98"]
[EventDate "2016.01.26"]
[EventType "swiss"]
[EventRounds "10"]
[EventCountry "GGB"]
[Source "www.saund.co.uk"]
[SourceDate "2005.02.07"]

1. e4 c5 2. Nf3 Nc6 3. d4 cxd4 4. Nxd4 e5 5. Nb5 d6 6. N1c3 a6 7. Na3 Be6 8.
Nc4 b5 9. Ne3 Nf6 10. Ned5 Be7 11. Be3 O-O 12. g3 Rb8 13. Bg2 Ng4 14. Bc1 b4
15. Ne2 Bg5 16. O-O Bxc1 17. Rxc1 Na5 18. h3 Nf6 19. Nxf6+ Qxf6 20. b3 Nb7 21.
c4 Qd8 22. f4 f6 23. Qd2 a5 24. g4 a4 25. Rcd1 Qb6+ 26. Kh1 axb3 27. axb3 Nc5
28. Nc1 exf4 29. Qxf4 Rbd8 30. Rd2 Bf7 31. Rfd1 Qc7 32. Rd4 Ne6 33. Qd2 Nxd4
34. Qxd4 Qa5 35. Qd3 h5 36. Bf3 Rfe8 37. Ne2 Qe5 38. Nd4 Qg3 39. Bg2 Qxd3 40.
Rxd3 hxg4 41. hxg4 Bg6 42. Re3 d5 43. cxd5 Rxd5 44. exd5 Rxe3 45. d6 Kf8 46.
Nc6 Rd3 47. Nxb4 Rxd6 48. Nc6 Rd1+ 49. Kh2 Rd2 0-1

[Event "Tradewise Gibraltar Masters 14th"]
[Site "Gibraltar"]
[Date "2016.01.26"]
[Round "1.31"]
[White "Erdos, Viktor"]
[Black "Sanchez Jerez, Emilio Miguel"]
[Result "1-0"]
[WhiteElo "2613"]
[BlackElo "2265"]
[PlyCount "70"]
[EventDate "2016.01.26"]
[EventType "swiss"]
[EventRounds "10"]
[EventCountry "GGB"]
[Source "www.saund.co.uk"]
[SourceDate "2005.02.07"]

1. d4 d6 2. Nf3 Nf6 3. c4 g6 4. g3 Bg7 5. Bg2 O-O 6. O-O Nc6 7. Nc3 Bf5 8. Ne1
Na5 9. e4 Bg4 10. Qd3 c5 11. d5 a6 12. Rb1 b5 13. cxb5 axb5 14. Nxb5 Bd7 15.
Nc3 Bc8 16. Qc2 Ba6 17. Nd3 Ng4 18. Ne2 Qb6 19. h3 Qb5 20. Rd1 c4 21. Ndf4 Ne5
22. Nd4 Qd7 23. Bd2 Nb7 24. Bc3 Nc5 25. b4 cxb3 26. axb3 Rfc8 27. Nc6 Bb7 28.
Bxe5 Bxe5 29. Qd2 Bxc6 30. dxc6 Rxc6 31. Nd5 Rca6 32. b4 Ra2 33. Qg5 f6 34. Qc1
Na4 35. Qc4 Nb2 1-0

[Event "Tradewise Gibraltar Masters 14th"]
[Site "Gibraltar"]
[Date "2016.01.26"]
[Round "1.32"]
[White "Nava Pereda, Carlos"]
[Black "Gupta, Abhijeet"]
[Result "0-1"]
[WhiteElo "2262"]
[BlackElo "2613"]
[PlyCount "104"]
[EventDate "2016.01.26"]
[EventType "swiss"]
[EventRounds "10"]
[EventCountry "GGB"]
[Source "www.saund.co.uk"]
[SourceDate "2005.02.07"]

1. Nf3 Nf6 2. c4 c5 3. Nc3 d5 4. cxd5 Nxd5 5. g3 Nc6 6. Bg2 g6 7. O-O Bg7 8.
Ng5 Nb6 9. d3 O-O 10. Nge4 c4 11. dxc4 Nxc4 12. Rb1 Bf5 13. h3 Qc8 14. g4 Rd8
15. Qa4 Bxe4 16. Nxe4 Nd4 17. e3 Nb6 18. Qd1 Ne6 19. Qe2 Nc5 20. b3 Nd5 21. Bb2
Nxe4 22. Bxe4 Bxb2 23. Bxd5 Rxd5 24. Rxb2 Qd7 25. Rc2 Rd8 26. Rfc1 Qe6 27. Qf3
h5 28. Rc5 hxg4 29. Qxg4 Qf6 30. Qf4 Qb2 31. Qc4 Rd2 32. Rf1 Qf6 33. Rc8 e6 34.
a4 b6 35. Rxd8+ Qxd8 36. Re1 Qf6 37. Rf1 Rd5 38. Qc1 Rg5+ 39. Kh2 Kg7 40. Qc6
Rd5 41. Qc4 Ra5 42. Qe4 Rf5 43. Kg2 Re5 44. Qf4 Rg5+ 45. Kh2 Rf5 46. Qg3 Rf3
47. Qg2 Qf5 48. b4 e5 49. a5 e4 50. axb6 axb6 51. Kg1 Rxh3 52. Rd1 Rh4 0-1

[Event "Tradewise Gibraltar Masters 14th"]
[Site "Gibraltar"]
[Date "2016.01.26"]
[Round "1.33"]
[White "Lenic, Luka"]
[Black "Gavilan Diaz, Mario"]
[Result "1-0"]
[WhiteElo "2611"]
[BlackElo "2261"]
[PlyCount "57"]
[EventDate "2016.01.26"]
[EventType "swiss"]
[EventRounds "10"]
[EventCountry "GGB"]
[Source "www.saund.co.uk"]
[SourceDate "2005.02.07"]

1. d4 Nf6 2. c4 e6 3. Nf3 b6 4. Nc3 Bb7 5. e3 Bb4 6. Bd3 Ne4 7. Qc2 Bxc3+ 8.
bxc3 f5 9. O-O O-O 10. Ne1 Na6 11. f3 Nf6 12. e4 fxe4 13. fxe4 e5 14. Nf3 d6
15. c5 dxc5 16. dxe5 Ng4 17. Qe2 Nb8 18. h3 Nh6 19. Bc4+ Kh8 20. Bxh6 gxh6 21.
Qe3 Kg7 22. Rad1 Qe7 23. e6 b5 24. Ne5 bxc4 25. Rxf8 Kxf8 26. Qxh6+ Kg8 27. Ng4
Bxe4 28. Nf6+ Kh8 29. Nxe4 1-0

[Event "Tradewise Gibraltar Masters 14th"]
[Site "Gibraltar"]
[Date "2016.01.26"]
[Round "1.34"]
[White "Cordes, Hans-Joerg"]
[Black "Bachmann, Axel"]
[Result "0-1"]
[WhiteElo "2257"]
[BlackElo "2610"]
[PlyCount "40"]
[EventDate "2016.01.26"]
[EventType "swiss"]
[EventRounds "10"]
[EventCountry "GGB"]
[Source "www.saund.co.uk"]
[SourceDate "2005.02.07"]

1. d4 g6 2. Nf3 Bg7 3. g3 Nf6 4. Bg2 O-O 5. O-O d6 6. a4 Na6 7. c3 c5 8. Na3
Bd7 9. Nd2 d5 10. c4 cxd4 11. cxd5 Nc5 12. Nac4 Rc8 13. d6 Bc6 14. Nf3 Bd5 15.
Qxd4 b5 16. Qh4 Nb3 17. Nce5 Nxa1 18. Bg5 Bxf3 19. Bxf3 h6 20. d7 Rc5 0-1

[Event "Tradewise Gibraltar Masters 14th"]
[Site "Gibraltar"]
[Date "2016.01.26"]
[Round "1.35"]
[White "Maze, Sebastien"]
[Black "Weisbuch, Udi"]
[Result "1/2-1/2"]
[WhiteElo "2591"]
[BlackElo "2254"]
[PlyCount "80"]
[EventDate "2016.01.26"]
[EventType "swiss"]
[EventRounds "10"]
[EventCountry "GGB"]
[Source "www.saund.co.uk"]
[SourceDate "2005.02.07"]

1. d4 Nf6 2. Bg5 Ne4 3. h4 h6 4. Bf4 c5 5. d5 Qb6 6. Qc1 d6 7. Nf3 e5 8. Bd2 c4
9. e3 Qc5 10. Nc3 Nxc3 11. Bxc3 Qxd5 12. Nd2 Be6 13. Nxc4 Be7 14. Qd2 Qxd2+ 15.
Nxd2 Nc6 16. e4 d5 17. exd5 Bxd5 18. O-O-O O-O-O 19. Nc4 f6 20. Ne3 Be6 21. Bd3
Nb4 22. Bxb4 Bxb4 23. a3 Bc5 24. Be4 Bxe3+ 25. fxe3 f5 26. Bf3 Rxd1+ 27. Kxd1
Rd8+ 28. Kc1 g6 29. Rg1 Bd5 30. b3 Kc7 31. Kb2 Bc6 32. Kc3 Rd6 33. a4 g5 34.
hxg5 hxg5 35. Rf1 f4 36. exf4 exf4 37. Rh1 Rf6 38. Rh7+ Kd6 39. Kd4 g4 40. Bxc6
Kxc6 1/2-1/2

[Event "Tradewise Gibraltar Masters 14th"]
[Site "Gibraltar"]
[Date "2016.01.26"]
[Round "1.36"]
[White "Menna Barreto, Felipe Kubiaki"]
[Black "Sandipan, Chanda"]
[Result "0-1"]
[WhiteElo "2247"]
[BlackElo "2583"]
[PlyCount "92"]
[EventDate "2016.01.26"]
[EventType "swiss"]
[EventRounds "10"]
[EventCountry "GGB"]
[Source "www.saund.co.uk"]
[SourceDate "2005.02.07"]

1. c4 c6 2. Nf3 d5 3. e3 Nf6 4. Nc3 e6 5. b3 Bd6 6. Bb2 O-O 7. Be2 a5 8. O-O
Na6 9. d4 Bd7 10. Ne5 Be8 11. Rc1 Nd7 12. Nxd7 Bxd7 13. Re1 Qb8 14. g3 b5 15.
c5 Bc7 16. e4 b4 17. Nb1 dxe4 18. Bc4 f5 19. Qe2 Qb7 20. Nd2 Bd8 21. f3 Bg5 22.
fxe4 Nc7 23. Rcd1 Bxd2 24. Qxd2 fxe4 25. Rxe4 Nd5 26. Rde1 Rf6 27. Bxd5 exd5
28. Rf4 Rxf4 29. Qxf4 Rf8 30. Qd2 Bh3 31. Qe2 Qf7 32. Bc1 Qf3 33. Qxf3 Rxf3 34.
Be3 Kf7 35. Bf4 Rd3 36. Be3 h6 37. Kf2 Bg4 38. h4 a4 39. Rb1 a3 40. Re1 Bd1 41.
Bf4 Bxb3 42. Rb1 Bxa2 43. Rxb4 Bc4 44. Rb7+ Ke6 45. Rxg7 a2 46. Ra7 Rd1 0-1

[Event "Tradewise Gibraltar Masters 14th"]
[Site "Gibraltar"]
[Date "2016.01.26"]
[Round "1.37"]
[White "Tregubov, Pavel V"]
[Black "Mohota, Nisha"]
[Result "1-0"]
[WhiteElo "2582"]
[BlackElo "2245"]
[PlyCount "95"]
[EventDate "2016.01.26"]
[EventType "swiss"]
[EventRounds "10"]
[EventCountry "GGB"]
[Source "www.saund.co.uk"]
[SourceDate "2005.02.07"]

1. d4 Nf6 2. c4 e6 3. Nc3 Bb4 4. e3 O-O 5. Bd3 d5 6. Nge2 c5 7. cxd5 cxd4 8.
exd4 Nxd5 9. O-O Nc6 10. a3 Be7 11. Qc2 h6 12. Nxd5 exd5 13. Be3 Bf6 14. Rad1
Be6 15. Nf4 Rc8 16. Qe2 Qd6 17. Bb1 Ne7 18. Nxe6 Qxe6 19. Qh5 Rfe8 20. Rfe1 Qb6
21. Rd2 Rc6 22. h3 Re6 23. Red1 Qd6 24. Rc1 Rc8 25. Rxc8+ Nxc8 26. Rd1 Ne7 27.
Qg4 Kf8 28. Rc1 Nc6 29. b4 a6 30. Ba2 Ne7 31. Rc5 b6 32. Rc1 Re4 33. Qe2 Nf5
34. Rc8+ Bd8 35. Bb1 Nxd4 36. Qd1 Rxe3 37. fxe3 Ne6 38. Ba2 Qe5 39. Bxd5 Qd6
40. Bb3 Qxd1+ 41. Bxd1 Ke7 42. Bb3 Nc7 43. Rb8 Ne6 44. Rb7+ Kf6 45. Rd7 Be7 46.
Bxe6 Kxe6 47. Ra7 a5 48. bxa5 1-0

[Event "Tradewise Gibraltar Masters 14th"]
[Site "Gibraltar"]
[Date "2016.01.26"]
[Round "1.38"]
[White "Hommerson, Paul"]
[Black "Grigoriants, Sergey"]
[Result "0-1"]
[WhiteElo "2240"]
[BlackElo "2580"]
[PlyCount "52"]
[EventDate "2016.01.26"]
[EventType "swiss"]
[EventRounds "10"]
[EventCountry "GGB"]
[Source "www.saund.co.uk"]
[SourceDate "2005.02.07"]

1. e4 e5 2. Nf3 Nc6 3. Bb5 a6 4. Ba4 Nf6 5. O-O Be7 6. d3 b5 7. Bb3 d6 8. a3
Na5 9. Ba2 c5 10. Nc3 Be6 11. Nd5 Nxd5 12. exd5 Bg4 13. b4 Nb7 14. h3 Bh5 15.
g4 Bg6 16. bxc5 Nxc5 17. d4 exd4 18. Nxd4 Qd7 19. f4 Be4 20. Be3 h5 21. f5 hxg4
22. Nc6 Bf3 23. Qe1 Ne4 24. Bd4 Qxf5 25. Nxe7 Rxh3 26. Nxf5 Rh1# 0-1

[Event "Tradewise Gibraltar Masters 14th"]
[Site "Gibraltar"]
[Date "2016.01.26"]
[Round "1.39"]
[White "Perez Ponsa, Federico"]
[Black "Heinemann, Josefine"]
[Result "1-0"]
[WhiteElo "2577"]
[BlackElo "2233"]
[PlyCount "103"]
[EventDate "2016.01.26"]
[EventType "swiss"]
[EventRounds "10"]
[EventCountry "GGB"]
[Source "www.saund.co.uk"]
[SourceDate "2005.02.07"]

1. e4 c5 2. Nc3 Nc6 3. Nf3 e6 4. d4 cxd4 5. Nxd4 Qc7 6. Be3 a6 7. Qd2 Nf6 8. f4
Bb4 9. Bd3 d5 10. e5 Ne4 11. Bxe4 dxe4 12. a3 Bxc3 13. Qxc3 Bd7 14. Nb3 Rc8 15.
O-O-O Ne7 16. Qxc7 Rxc7 17. Nd2 Bc6 18. Rhe1 Rd7 19. Bc5 e3 20. Rxe3 Bxg2 21.
Rg3 Bd5 22. Bxe7 Kxe7 23. Rxg7 Bc6 24. Rf1 Rhd8 25. Rf2 Be4 26. Rg1 Bg6 27. Nc4
Rd5 28. Ne3 Rd4 29. f5 exf5 30. Nxf5+ Bxf5 31. Rxf5 Rc4 32. Rg2 Rd7 33. Re2 Rg4
34. b3 Rg6 35. Kb2 Ke6 36. Ref2 Rg2 37. Rf6+ Kxe5 38. Rxf7 Rxf2 39. Rxd7 Rxh2
40. Rxb7 Rh6 41. b4 Kd5 42. Rc7 Kd4 43. Ra7 Kd5 44. Kb3 Rh3+ 45. c3 Rh6 46. a4
Ke5 47. b5 axb5 48. axb5 Kd5 49. Rc7 Rh3 50. Kb4 h5 51. c4+ Kd6 52. Rh7 1-0

[Event "Tradewise Gibraltar Masters 14th"]
[Site "Gibraltar"]
[Date "2016.01.26"]
[Round "1.40"]
[White "Saber, Yasser"]
[Black "Vazquez Igarza, Renier"]
[Result "0-1"]
[WhiteElo "2230"]
[BlackElo "2572"]
[PlyCount "57"]
[EventDate "2016.01.26"]
[EventType "swiss"]
[EventRounds "10"]
[EventCountry "GGB"]
[Source "www.saund.co.uk"]
[SourceDate "2005.02.07"]

1. d4 Nf6 2. Nf3 e6 3. c4 b6 4. a3 Bb7 5. Nc3 g6 6. Qc2 Bg7 7. e4 d6 8. h3 Nbd7
9. Bg5 e5 10. d5 a5 11. Nd2 h5 12. Be2 Bh6 13. Bxh6 Rxh6 14. O-O Kf8 15. f4
exf4 16. Rxf4 Ne5 17. Raf1 g5 18. R4f2 g4 19. h4 g3 20. Rf4 Nfg4 21. Re1 Rf6
22. Rxg4 hxg4 23. Nd1 Rf4 24. Nf1 Qxh4 25. Nde3 Ke7 26. Bxg4 Rh8 27. Bh3 Qxh3
28. gxh3 Nf3+ 29. Kg2 0-1

[Event "Tradewise Gibraltar Masters 14th"]
[Site "Gibraltar"]
[Date "2016.01.26"]
[Round "1.41"]
[White "Donchenko, Alexander"]
[Black "House, Glenn L"]
[Result "1-0"]
[WhiteElo "2570"]
[BlackElo "2226"]
[PlyCount "75"]
[EventDate "2016.01.26"]
[EventType "swiss"]
[EventRounds "10"]
[EventCountry "GGB"]
[Source "www.saund.co.uk"]
[SourceDate "2005.02.07"]

1. d4 Nf6 2. c4 e6 3. g3 Bb4+ 4. Bd2 Qe7 5. Nf3 Nc6 6. Nc3 O-O 7. Bg2 Na5 8. b3
b6 9. O-O Bb7 10. Qc2 Rfd8 11. a3 Bxc3 12. Bxc3 Be4 13. Qb2 Nb7 14. Rfd1 c6 15.
Bf1 h6 16. Ne5 a6 17. Nd3 Rac8 18. f3 Bxd3 19. Rxd3 d5 20. Rad1 c5 21. cxd5
Nxd5 22. Be1 b5 23. dxc5 Nxc5 24. R3d2 f5 25. Bf2 Rf8 26. Rc1 Nd7 27. Rdc2 Rxc2
28. Rxc2 f4 29. Bh3 Rf6 30. Rc6 Kf7 31. Qd4 N7b6 32. Qe5 Qd7 33. Rd6 Qe7 34.
Bc5 Qe8 35. Qh5+ g6 36. Qxh6 Qg8 37. Bd4 Ke7 38. Rc6 1-0

[Event "Tradewise Gibraltar Masters 14th"]
[Site "Gibraltar"]
[Date "2016.01.26"]
[Round "1.42"]
[White "Fiala, Vaclav"]
[Black "Oparin, Grigoriy"]
[Result "0-1"]
[WhiteElo "2217"]
[BlackElo "2565"]
[PlyCount "50"]
[EventDate "2016.01.26"]
[EventType "swiss"]
[EventRounds "10"]
[EventCountry "GGB"]
[Source "www.saund.co.uk"]
[SourceDate "2005.02.07"]

1. e4 c5 2. c3 Nf6 3. e5 Nd5 4. d4 cxd4 5. Nf3 e6 6. cxd4 d6 7. Nc3 Nxc3 8.
bxc3 Qc7 9. Bd2 Nd7 10. exd6 Bxd6 11. Bd3 b6 12. O-O Bb7 13. h3 O-O 14. Re1 h6
15. Qe2 Rfe8 16. Ne5 Nxe5 17. dxe5 Bf8 18. Rad1 Red8 19. Bb1 Rd7 20. Bxh6 gxh6
21. Qc2 Bg7 22. Rxd7 Qxd7 23. Qh7+ Kf8 24. Re3 Qd1+ 25. Kh2 Qd2 0-1

[Event "Tradewise Gibraltar Masters 14th"]
[Site "Gibraltar"]
[Date "2016.01.26"]
[Round "1.43"]
[White "Tari, Aryan"]
[Black "Midonet, Mathieu"]
[Result "1-0"]
[WhiteElo "2556"]
[BlackElo "2211"]
[PlyCount "47"]
[EventDate "2016.01.26"]
[EventType "swiss"]
[EventRounds "10"]
[EventCountry "GGB"]
[Source "www.saund.co.uk"]
[SourceDate "2005.02.07"]

1. e4 c5 2. Nf3 Nc6 3. Bb5 e6 4. Bxc6 bxc6 5. d3 Qc7 6. Qe2 Ne7 7. Ng5 f6 8.
Nh3 g6 9. f4 Bg7 10. O-O O-O 11. Be3 d6 12. Nd2 Bd7 13. Qf2 Rae8 14. Rae1 e5
15. fxe5 fxe5 16. Qh4 Nc8 17. Ng5 h6 18. Ngf3 Kh7 19. Rf2 Ne7 20. Ref1 Ng8 21.
Ng5+ Kh8 22. Nf7+ Kh7 23. Nf3 Bf6 24. N3g5+ 1-0

[Event "Tradewise Gibraltar Masters 14th"]
[Site "Gibraltar"]
[Date "2016.01.26"]
[Round "1.44"]
[White "Nebolsina, Vera"]
[Black "Muzychuk, Mariya"]
[Result "0-1"]
[WhiteElo "2208"]
[BlackElo "2554"]
[PlyCount "52"]
[EventDate "2016.01.26"]
[EventType "swiss"]
[EventRounds "10"]
[EventCountry "GGB"]
[Source "www.saund.co.uk"]
[SourceDate "2005.02.07"]

1. d4 Nf6 2. Nf3 e6 3. c4 c5 4. d5 b5 5. Bg5 exd5 6. cxd5 h6 7. Bxf6 Qxf6 8.
Qd2 Be7 9. e3 Qb6 10. Nc3 a6 11. Bd3 Bb7 12. Bc2 d6 13. O-O Nd7 14. Rfb1 Rc8
15. Qd3 g6 16. h4 h5 17. Ne4 Nf6 18. Nfg5 O-O 19. Nc3 c4 20. Qd2 b4 21. Ne2
Nxd5 22. e4 Nf6 23. Nf4 Ng4 24. Re1 Bf6 25. Rad1 Bxb2 26. Nd5 Bxd5 0-1

[Event "Tradewise Gibraltar Masters 14th"]
[Site "Gibraltar"]
[Date "2016.01.26"]
[Round "1.45"]
[White "Lalith, Babu M R"]
[Black "Walton, Alan J"]
[Result "1-0"]
[WhiteElo "2553"]
[BlackElo "2206"]
[PlyCount "49"]
[EventDate "2016.01.26"]
[EventType "swiss"]
[EventRounds "10"]
[EventCountry "GGB"]
[Source "www.saund.co.uk"]
[SourceDate "2005.02.07"]

1. d4 d5 2. Nf3 Nf6 3. c4 c6 4. Nc3 e6 5. g3 Nbd7 6. Bg2 Bd6 7. O-O O-O 8. Nd2
Qe7 9. e4 dxe4 10. Ndxe4 Nxe4 11. Nxe4 e5 12. c5 Bc7 13. Re1 h6 14. Nc3 Qf6 15.
Be3 exd4 16. Bxd4 Qg6 17. Qa4 Nf6 18. Bxc6 Nh5 19. Be4 f5 20. Bf3 Bd8 21. Qd1
Nf4 22. Nd5 Nxd5 23. Bxd5+ Kh8 24. Be5 f4 25. Bd6 1-0

[Event "Tradewise Gibraltar Masters 14th"]
[Site "Gibraltar"]
[Date "2016.01.26"]
[Round "1.46"]
[White "Verneuil, Pascal"]
[Black "Kosteniuk, Alexandra"]
[Result "0-1"]
[WhiteElo "2205"]
[BlackElo "2550"]
[PlyCount "100"]
[EventDate "2016.01.26"]
[EventType "swiss"]
[EventRounds "10"]
[EventCountry "GGB"]
[Source "www.saund.co.uk"]
[SourceDate "2005.02.07"]

1. e4 c5 2. b3 g6 3. Bb2 Nf6 4. e5 Nd5 5. Bc4 Nb6 6. e6 f6 7. exd7+ Qxd7 8. Bd3
Bg7 9. Nc3 Nc6 10. a4 a5 11. Bb5 O-O 12. Nf3 e5 13. O-O Qc7 14. d3 Bg4 15. h3
Bxf3 16. Qxf3 Nd4 17. Qd1 Rfd8 18. Bc4+ Kh8 19. Nb5 Nxb5 20. Bxb5 Nd5 21. Qf3
Qc8 22. Rae1 Ne7 23. Qg4 Nf5 24. f4 c4 25. fxe5 c3 26. Ba3 fxe5 27. Bc4 Rd4 28.
Re4 Rxe4 29. dxe4 Ne3 30. Qe2 Nxf1 31. Qxf1 Qd8 32. Bd5 Bh6 33. Bc5 Rc8 34. Qf2
Qg5 35. Ba3 b6 36. Qxb6 Qd2 37. Qf6+ Bg7 38. Qf2 h5 39. Be7 Kh7 40. h4 Re8 41.
Bc5 Rd8 42. Kh2 Rf8 43. Bf7 Qxf2 44. Bxf2 Rxf7 45. Bb6 Rf4 46. Bxa5 Rxe4 47.
Bxc3 Re2 48. b4 Rxc2 49. Be1 e4 50. a5 Be5+ 0-1

[Event "Tradewise Gibraltar Masters 14th"]
[Site "Gibraltar"]
[Date "2016.01.26"]
[Round "1.47"]
[White "Muzychuk, Anna"]
[Black "Pinho, Paulo"]
[Result "1-0"]
[WhiteElo "2537"]
[BlackElo "2197"]
[PlyCount "91"]
[EventDate "2016.01.26"]
[EventType "swiss"]
[EventRounds "10"]
[EventCountry "GGB"]
[Source "www.saund.co.uk"]
[SourceDate "2005.02.07"]

1. e4 c5 2. Nf3 e6 3. d4 cxd4 4. Nxd4 a6 5. c4 Nf6 6. Nc3 Bb4 7. Bd3 Nc6 8. Nc2
Be7 9. f4 d6 10. O-O Qc7 11. Be3 O-O 12. Rc1 Nd7 13. b4 b6 14. a3 Bb7 15. Ne1
Rac8 16. Nf3 Qb8 17. g4 Rfe8 18. g5 Bf8 19. Qd2 a5 20. b5 Nd8 21. Rce1 d5 22.
exd5 exd5 23. Bf5 Qd6 24. cxd5 Rc7 25. a4 Nc5 26. Bc2 Rce7 27. Ne5 g6 28. Nc4
Qd7 29. Nxb6 Qg4+ 30. Kh1 Bg7 31. Bd1 Qh3 32. Rf3 Qh4 33. Ref1 Nd7 34. Bb3 Nxb6
35. Bxb6 Bxc3 36. Qxc3 Re2 37. Bg1 Qg4 38. Rg3 Qf5 39. Qd3 R2e4 40. Rgf3 Qd7
41. Bd4 Rxd4 42. Qxd4 Ne6 43. Qb6 Bxd5 44. Bxd5 Qxd5 45. Qc6 Qd8 46. Re3 1-0

[Event "Tradewise Gibraltar Masters 14th"]
[Site "Gibraltar"]
[Date "2016.01.26"]
[Round "1.48"]
[White "Guthrie, David"]
[Black "Demuth, Adrien"]
[Result "0-1"]
[WhiteElo "2187"]
[BlackElo "2535"]
[PlyCount "114"]
[EventDate "2016.01.26"]
[EventType "swiss"]
[EventRounds "10"]
[EventCountry "GGB"]
[Source "www.saund.co.uk"]
[SourceDate "2005.02.07"]

1. d4 Nf6 2. c4 e6 3. Nc3 Bb4 4. e3 O-O 5. Bd3 d5 6. Nf3 c5 7. O-O dxc4 8. Bxc4
Nbd7 9. Qe2 b6 10. Rd1 cxd4 11. exd4 Bxc3 12. bxc3 Bb7 13. Bd3 Nd5 14. Bd2 Qc7
15. Qe4 N5f6 16. Qh4 Bxf3 17. gxf3 Qc6 18. Kg2 e5 19. Rg1 Rfe8 20. Rad1 e4 21.
fxe4 Nxe4 22. f3 Qg6+ 23. Kf1 Qf6 24. Qxf6 Nxd2+ 25. Rxd2 Nxf6 26. Kf2 Rad8 27.
Bc2 Rc8 28. Ba4 Red8 29. Rc1 Kf8 30. c4 Ke7 31. Re1+ Kf8 32. Rc1 Rc7 33. Bb5
Ne8 34. Bxe8 Kxe8 35. Ke3 Kd7 36. a4 Re8+ 37. Kd3 Kd6 38. Rg2 g6 39. Rb2 Rce7
40. c5+ Kd5 41. cxb6 Re3+ 42. Kc2 Re2+ 43. Kb1 Rxb2+ 44. Kxb2 axb6 45. Rc7 Re2+
46. Kc1 Rxh2 47. Rd7+ Kc4 48. d5 f5 49. d6 Kc5 50. Rb7 Kxd6 51. Rxb6+ Ke5 52.
Kb1 Rd2 53. Rb3 Kf4 54. a5 Rd8 55. Kc2 h5 56. a6 Ra8 57. Ra3 h4 0-1

[Event "Tradewise Gibraltar Masters 14th"]
[Site "Gibraltar"]
[Date "2016.01.26"]
[Round "1.49"]
[White "Handke, Florian"]
[Black "Baert, Andy"]
[Result "1-0"]
[WhiteElo "2533"]
[BlackElo "2184"]
[PlyCount "65"]
[EventDate "2016.01.26"]
[EventType "swiss"]
[EventRounds "10"]
[EventCountry "GGB"]
[Source "www.saund.co.uk"]
[SourceDate "2005.02.07"]

1. e4 c5 2. Nf3 d6 3. d4 cxd4 4. Nxd4 Nf6 5. Nc3 b6 6. h3 e6 7. g4 Be7 8. g5
Nfd7 9. h4 Nc6 10. Be3 O-O 11. Rg1 Nxd4 12. Qxd4 Ne5 13. Be2 b5 14. f4 Nc4 15.
Bxc4 bxc4 16. O-O-O Qa5 17. h5 Rd8 18. h6 Bf8 19. f5 exf5 20. Nd5 Be6 21. Ne7+
Kh8 22. hxg7+ Bxg7 23. Rh1 Be5 24. g6 fxg6 25. Nxg6+ Kg7 26. Nxe5 dxe5 27.
Rdg1+ Kh8 28. Bg5 Rf8 29. Qd6 Rae8 30. Bd2 Qb5 31. Bc3 Bg8 32. a4 Qb8 33. Qxb8
1-0